000 01017nam a22002297a 4500
010 _a1617CH-EN
020 _a9781409340980
_c599.00
035 _aB-644007-034
035 _aB-664994
037 _aDPL
_bBBB/Ven.
082 _a609
100 _aTurner, Tracey
245 _a100 inventions that made history:
_cby Tracey Turner, Andrea Mills [and] Clive Gifford
_bbrilliant break throughts that shaped our world /
260 _bDorling Kindersley
_aLondon
_c2014
270 _a80 Strand,
_bLondon
_eWC2R 0RL
300 _a128p.
_c27cm(Hb)
700 _aMills, Andrea
700 _aGifford, Clive
942 _2ddc
_cCH
_mTUR
_h609
999 _c100943
_d100943